Представление документа в формате MARC21

Поле Инд. ПП Название Значение
Тип записи a
Библиографический уровень b
001 Контрольный номер 4d9c6e1819e14e7a804b29ea973af0bf
005 Дата корректировки 20200623113211.6
008 Кодируемые данные 20170331
040 b Код языка каталог. rus
e Правила каталог. PSBO
041 0_ a Код языка текста rus
084 a Индекс другой классификации/Индекс ББК 67.404.201(2Рос); 67.404.06(2Рос)
100 1_ a Автор Кархалев Д. Н.
245 10 a Заглавие Рамочный и абонентский договоры в гражданском праве
520 0_ a Аннотация В статье рассмотрены актуальные проблемы защиты гражданских прав и ответственности при реализации охранительной функции гражданского права в договорных отношениях
650 14 a Основная рубрика право; гражданское право; договорное право; обязательственное право
653 0_ a Ключевые слова абонентский договор
a Ключевые слова Гражданский кодекс РФ
a Ключевые слова гражданско-правовые отношения
a Ключевые слова договорные отношения
a Ключевые слова договоры
a Ключевые слова защита гражданских прав
a Ключевые слова опционный договор
a Ключевые слова правовое регулирование
a Ключевые слова предварительный договор
a Ключевые слова рамочный договор
a Ключевые слова Россия
773 08 t Заглавие источника Российская юстиция
d Дата издания источника 2020
g Прочая информация № 3. - С. 2 - 5
w Контрольный № источника e7466aa06b2540358281e2135db0f8ff
901 t Тип документа b